000 00970nam a2200265 a 4500
003 CBULib
005 20250108135438.0
008 071001s1996 ||||||||||||||||| || u
040 _aCBULib
_bEnglish
_cCBULib
_erda
041 _aeng
050 _aHQ 1106 Uni
110 _aUnited Nations (UNO)
245 1 0 _aPlatform for action and the Beijing declaration: fourth World conference on Women Beijing, China 4 - 15 September 1995
_c/ by United Nations (UNO)
260 _aNew York :
_bUnited Nations,
_c1996.
300 _a178 pages
336 _2rdacontent
_aText |
_btxt
337 _2rdamedia
_aUnmediated |
_bn
338 _2rdacarrier
_aVolume
_bnc
650 _aWOMEN'S RIGHTS--INTERNATIONAL COOPERATION--CONGRESSES
650 _aWOMEN IN DEVELOPMENT--INTERNATIONAL COOPERATION--CONGRESSES
650 _aWORLD CONFERENCE ON WOMEN (4th SEPTEMBER 1995 : BEIJING CHINA)
650 _aWOMEN
650 _aWOMEN--SOCIAL CONDITIONS--CONGRESSES
942 _2mc
_c029
999 _c81990
_d81990